| 000 | 00727nam a22002057a 4500 | ||
|---|---|---|---|
| 005 | 20161123124454.0 | ||
| 008 | 121116t mx ||||| |||| 00| 0 spa d | ||
| 020 | _a9700756009 | ||
| 050 | 0 | 4 |
_aKGF5422 _bT67 2011 |
| 100 | 1 | _aTorres López, Mario Alberto | |
| 245 | 1 | 4 |
_aLas leyes penales _b : (una introducción a la ciencia y a la técnica de las leyes penales) _c / Mario Alberto Torres López ; prólogo Manuel Ruiz Daza |
| 246 | 3 | 5 |
_aLeyes penales : _b(Dogmática y técnicas penales) |
| 250 | _a5a ed. | ||
| 260 |
_aMéxico: _bPorrúa, _c2011 |
||
| 300 |
_axvi, 196 p. ; _c21 cm. |
||
| 504 | _aIncluye bibliografía | ||
| 650 | 7 |
_2lemb _aDerecho penal _zMéxico |
|
| 700 | 1 |
_aRuiz Daza, Manuel _epról. |
|
| 942 |
_2lcc _cLIB |
||
| 999 |
_c5086 _d5086 |
||